Personaggi di fantasia - T - - Statistics

Statistiche generali
  • Questo quiz è stato fatto 2.384 volte
  • Il punteggio medio è 10 su 20
Statistiche sulle risposte
con Immagini Risposta % Corretto
Tarzan
98%
Thor
98%
Tom
97%
Titti
94%
Tigro
93%
Thanos
80%
Toad
71%
Timon
64%
Theodore
58%
Tintin
45%
Tappo
36%
Trinità
35%
Tyler Durden
28%
Tyrion Lannister
27%
Tamburino
23%
Tony Soprano
21%
Trinity
19%
Thelma Dickinson
16%
Travis Bickle
12%
Toto
11%
Nessun quiz corrispondente trovato
Distribuzione punteggi
Percentuale di utenti per punteggio
Percentile per numero di risposta
I tuoi punteggi nel tempo
Non hai fatto questo quiz